000 00387nam a2200133Ia 4500
008 151001s9999||||xx |||||||||||||| ||und||
100 _aचि त्र्य खानोलकर
245 _aरात्र काळी घागर काळी
250 _a5
260 _bमौज प्रकाशन मुंबई
260 _c2012
300 _a203
365 _b21
999 _c1000480
_d1000477